Taking sides : Clashing views on Environmental Issues

Na minha lista:
Detalhes bibliográficos
Formato: Sách
Idioma:Undetermined
Publicado em:  McGraw-Hill/Connect Learn Succeed  2011
Assuntos:
Tags: Adicionar Tag
Sem tags, seja o primeiro a adicionar uma tag!
Thư viện lưu trữ: Trung tâm Thư viện - Trường Đại học Công nghiệp TP. Hồ Chí Minh
LEADER 00460nam a2200133Ia 4500
001 UIH_05739
008 231011s9999 xx 000 0 und d
082 |a  628 
245 0 |a  Taking sides : Clashing views on Environmental Issues 
260 |b  McGraw-Hill/Connect Learn Succeed 
260 |c  2011 
650 |a  Môi trường; Environmental;  
927 |a Sách 
980 |a Trung tâm Thư viện - Trường Đại học Công nghiệp TP. Hồ Chí Minh